000 00609nam a2200217 a 4500
001 73821
003 BD-RjUL
005 20211209082442.0
008 170612s1954 bg a|||| |||| 00| 0 eng d
035 _a(BD-RjUL)74039
040 _aBD-RjUL
_beng
_cBD-RjUL
_dBD-RjUL
041 _aeng
082 _223
_a547
_bAST 1954
100 _aAslam, Syed Abu
_9218583
245 _aA Textbook of Intermediate Organic Chemistry /
_cSyed Abu Aslam
250 _a1st ed.
260 _aDacca :
_bUnited Book,
_c1954.
300 _aviii, 118 p. :
_bill. ;
_c22 cm.
650 _aOrganic chemistry
_9218584
942 _2ddc
_cBK
999 _c73821
_d73821